[Event "Excaliburs-Northrop"]
[Site "?"]
[Date "1999.04.07"]
[Round "?"]
[White "Underwood, W"]
[Black "Walker, A"]
[Result "1/2-1/2"]
[WhiteElo "1956"]
[BlackElo "1670"]
[PlyCount "119"]
[EventDate "1999.??.??"]

1. c4 Nf6 2. Nc3 d5 3. cxd5 Nxd5 4. d4 4... Bf5 { } 5. Nf3 (5. e4 $2 5... Nxc3)
5... e6 6. Qb3 { } 6... Nxc3 (6... Nb4 $2 7. e4) 7. bxc3 Be4 8. e3 Nd7 9. Be2
c5 10. O-O 10... Be7 { } 11. Ba3 O-O 12. Rfd1 Qc7 13. c4 { } 13... Nf6 (13...
Bd6 14. h3 14... Kh8 {idea Rg8 then g5-4}) 14. Bd3 $2 {
allowing Bl to force P weaknesses} 14... Bxf3 $1 15. gxf3 cxd4 16. Bxe7 Qxe7
17. exd4 { } 17... b6 {probably to fix hanging Ps, but Wh K is a bit open!} (
17... Nh5 $1 {idea Nf4 then Qg5+} 18. Kh1 (18. Be4 $2 18... f5 (18... Nf4 19.
Bxb7 $2 (19. Kh1 {similar to A2 below}) 19... Qg5+ 20. Kf1 Qg2+ 21. Ke1 Qg1+
22. Kd2 Qxf2+) 19. Bxb7 Rab8 20. Rab1 Nf4 21. Kh1 { } 21... Rf6 {
idea Rh6 then Qh4}) (18. Qb5 18... f5 $5 {idea Rf6-g6/h6 and Qg5+} (18... Nf4
19. Qe5) (18... Qh4) 19. Rab1 Nf4 (19... b6) 20. Qxb7 Qg5+) 18... Nf4 19. Rg1)
18. Qb5 18... Rac8 { } 19. Qe5 (19. a4 $5 {
threat a5 using Ps, but Wh K needs help!}) 19... Nd7 20. Qf4 Qf6 21. Qg4 21...
Rfd8 { } 22. f4 (22. a4 $1) 22... g6 (22... Qxd4 $4 23. Bxh7+ {drops Q}) 23.
Be2 Nb8 24. d5 exd5 25. cxd5 25... Rc5 { } 26. Qg5 Qxg5+ 27. fxg5 Rcxd5 28.
Rxd5 Rxd5 29. f4 { } 29... Nc6 $2 (29... Nd7 {idea Nc5 blocks c-file, covers
many white squares, and then Rf5 followed by Ne6 wins Pf4. Or a6, b5-4 gets
the 2-1 moving.}) 30. Bf3 Rd6 31. Bxc6 Rxc6 32. Rd1 { } 32... Rc2 33. a4 Rc4
34. a5 { } 34... bxa5 $2 (34... Rxf4 35. axb6 axb6 36. Rb1 36... Rg4+ {
is easy win for Bl}) 35. Rd5 a4 36. Ra5 Rxf4 37. Rxa7 { } 37... Kg7 {
missing a 2nd chance for Rg4+ then Rxg5} 38. Kg2 h6 39. gxh6+ Kxh6 40. Kg3 g5
41. Ra8 { Black just brings K to support a-pawn and wins easily.} 41... f5 $2 {
not necessary, march the K to a-pawn!} (41... Kg6 42. Ra6+ Kf5 43. Ra5+ 43...
Ke6 { and get K to b6, then Kb5 and escort P. If Wh attacks Pf7 or Pg6, simply
f6 and Black's position is unassailable.}) 42. Ra6+ Kg7 43. h3 Re4 44. Ra5 Kf6
45. Ra6+ Ke7 46. Kf3 Rb4 47. Ra5 { } 47... Rb3+ $4 {
Bl can still stay on track with Rf4+ and march K as before} (47... Rf4+ 48. Kg3
Kd6 49. h4 Rxh4 50. Rxf5 Rd4 51. Rxg5 51... Kc6 {
Bl wins because Wh K is cutoff from reaching a-file} 52. Ra5 (52. Kf3 Kb6 53.
Ke3 Rd8 54. Rg4 54... Kb5 { } 55. Rg2 (55. Rd4 Rxd4 56. Kxd4 56... Kb4 {
and Wh can't get to a1}) 55... Kb4 56. Rd2 Rc8 (56... Rxd2 $4 57. Kxd2 Kb3 58.
Kc1 $11) 57. Kd3 (57. Rb2+ 57... Kc3 {and Re8+}) 57... Kb3 {
and Wh K is still cutoff}) 52... Kb6 53. Ra8 53... Kb5 { }) 48. Kg2 a3 49. Rxf5
Rb2+ 50. Kg3 a2 51. Ra5 { } 51... Kd6 52. Kg4 Kc6 53. Ra3 Kc5 54. Kxg5 { }
54... Kb4 55. Ra8 Kc3 56. h4 Rb5+ 57. Kg6 Kb2 58. h5 a1=Q 59. Rxa1 Kxa1 60. h6
{ Bl will be forced to sac R} 1/2-1/2

[Event "Northrop-Excaliburs"]
[Site "?"]
[Date "1999.04.07"]
[Round "?"]
[White "Vigants, A"]
[Black "Weitz, R"]
[Result "1/2-1/2"]
[WhiteElo "1608"]
[BlackElo "1674"]
[PlyCount "89"]
[EventDate "1999.??.??"]

1. d4 d5 2. e3 Nf6 3. Bd3 c5 4. c3 Nc6 5. f4 c4 6. Bc2 g6 7. Nf3 Bg7 8. O-O e6
9. Ne5 Ne7 10. g4 O-O 11. Nd2 Nd7 12. g5 f6 13. gxf6 Nxf6 14. Ndf3 Nf5 15. Ng5
Qe8 16. e4 dxe4 17. Nxe4 Nd5 18. Ng5 Nfe3 19. Qe2 Nxf1 20. Qxf1 Bxe5 21. dxe5
Bd7 22. Qxc4 Rc8 23. Qd4 b5 24. Ne4 Qe7 25. Bb3 Kh8 26. Bxd5 exd5 27. Qxd5 Bc6
28. Qd4 Bxe4 29. Qxe4 Rc4 30. Qg2 Rd8 31. Be3 Qd7 32. Bd4 Kg8 33. Rf1 Qf5 34.
Qf2 a6 35. Qe2 Kf7 36. Qg2 Ke6 37. h3 Qf7 38. Qg4+ Qf5 39. Kg2 Rf8 40. Qh4 Rf7
41. Qd8 Qe4+ 42. Kg1 Rc6 43. Qe8+ Re7 44. Qg8+ Rf7 45. Qe8+ 1/2-1/2

[Event "Excaliburs-Northrop"]
[Site "?"]
[Date "1999.04.07"]
[Round "?"]
[White "Suerth, F"]
[Black "Elek, G"]
[Result "1/2-1/2"]
[WhiteElo "1605"]
[BlackElo "1086"]
[PlyCount "115"]
[EventDate "1999.??.??"]

1. e4 e5 2. Nf3 Nc6 3. Bb5 Nf6 4. d3 Be7 5. b3 O-O 6. O-O Nb8 7. Nxe5 c6 8. Bc4
d5 9. exd5 cxd5 10. Bb5 a6 11. Ba4 b5 12. Bxb5 axb5 13. Bb2 Nbd7 14. Nc6 Qe8
15. Re1 Ne5 16. Nxe7+ Qxe7 17. Rxe5 Qd6 18. Nd2 Ng4 19. Rg5 Qxh2+ 20. Kf1 Qh1+
21. Ke2 Re8+ 22. Ne4 Qxd1+ 23. Rxd1 f6 24. Rxd5 f5 25. Kd2 fxe4 26. dxe4 Rxe4
27. Rd8+ Kf7 28. f3 Re8 29. Rxe8 Kxe8 30. fxg4 Bxg4 31. Re1+ Kf7 32. a3 g6 33.
c3 Rd8+ 34. Kc1 Be6 35. Rf1+ Kg8 36. b4 Rd5 37. Re1 Bf7 38. Rd1 Rf5 39. Rd8+
Kg7 40. c4+ Kh6 41. cxb5 Rxb5 42. Kd2 Kg5 43. Kc2 h5 44. Rd4 Rf5 45. Bc1+ Kf6
46. Bb2 Ke7 47. a4 Rg5 48. Rd2 Bd5 49. g3 Be4+ 50. Kc1 Bf5 51. a5 Rxg3 52. a6
Bd3 53. a7 Rg1+ 54. Rd1 Rxd1+ 55. Kxd1 Be4 56. Ke2 Kd7 57. Ke3 Bb7 58. Kf4
1/2-1/2

[Event "Sears-Motorola"]
[Site "?"]
[Date "1999.04.01"]
[Round "?"]
[White "Latimer, E"]
[Black "Hasan, Y"]
[Result "1-0"]
[WhiteElo "2084"]
[BlackElo "2177"]
[PlyCount "127"]
[EventDate "1999.??.??"]

1. e4 Nc6 2. c4 Nf6 3. Nc3 e5 4. g3 Be7 5. Bg2 d6 6. d3 {
Wh intends to expand Kside and attack with Ps.} 6... Bg4 7. f3 Bd7 8. Nge2 O-O
9. O-O { } 9... Nd4 $2 10. Nxd4 exd4 11. Ne2 { the trade has put allowed Wh f4
without a fight, giving another P into the attack} 11... c5 12. h3 b5 13. b3
13... Rb8 { } 14. f4 Ne8 15. f5 Bf6 16. Bd2 16... Be5 { } 17. Qc2 $2 {
What does the Q do here? Wh can continue attack! Qe1 idea g4-5 (h4, too if
necessary)} 17... Kh8 18. Rf2 Qb6 19. Raf1 bxc4 20. dxc4 { } 20... Bc6 21. g4
21... f6 { } 22. Bf4 (22. Nf4 {idea Ne6/d5 and h4 with g5}) 22... Qb7 23. Ng3
$2 {this N is in the way, another example of why 22 Nf4 was better.} 23... Nc7
24. Qc1 24... Rbe8 { } 25. g5 fxg5 26. Bxe5 (26. Bxg5 $4 26... Bxg3) 26... Rxe5
27. Qxg5 { } 27... Ne8 28. Rf4 Qe7 29. Qxe7 Rxe7 30. R1f2 30... Nf6 { } 31. Kf1
Rfe8 32. Re2 Re5 33. Ke1 Kg8 34. Kd2 Kf7 35. Kd3 { } 35... d5 $6 {
Causing interesting play, but c passer is a monster} 36. exd5 Re3+ 37. Kd2 Rxg3
38. dxc6 Rxe2+ 39. Kxe2 { } 39... d3+ (39... Rxg2+ $4 40. Kf1 {
Black can't save Rg2 and stop c7-8}) 40. Kd1 { } 40... Ke7 (40... Rxg2 $4 41.
c7 {and queens}) 41. Rf2 Kd6 42. Kd2 42... h6 {
Wh holds an extra Pawn, now how to convert to a win?} 43. Kc3 h5 (43... Nh5 {
idea Nf4. If Rxf4 Rxg2}) 44. Rd2 Kc7 45. a3 { } 45... h4 (45... a5 {
is difficult for Bl as well:} 46. b4 axb4+ 47. axb4 cxb4+ 48. Kxb4 { } 48...
Rg5 (48... Ne8 49. c5 Kd8 50. Kb5 Nc7+ 51. Kb6 Nd5+) 49. Rxd3 49... Rxf5 { }
50. Ra3 Rg5 51. Ra7+ Kb8 52. Rb7+ (52. c7+ Kxa7 53. c8=Q Rxg2)) 46. b4 cxb4+
47. axb4 Nh5 48. Rf2 { } 48... Re3 (48... Nf4 $2 49. Rxf4 Rxg2 50. Rxh4) 49. b5
Rg3 50. Bf1 50... Nf6 { } 51. Rf4 (51. Rg2 Ne4+ 52. Kb2 52... Rf3 { } 53. Rxg7+
Kb6 54. Bg2 Rf2+ 55. Kc1 d2+ 56. Kd1 Nc3+) (51. Bxd3 Rxh3 52. Ra2 52... Kb8 { }
53. c7+ Kxc7 54. Rxa7+ Kd6 55. Rxg7) 51... Re3 52. Kd2 52... Re4 $2 53. Rxe4
Nxe4+ 54. Kxd3 { } 54... Nd6 55. Ke3 Nxf5+ 56. Kf4 Ng3 57. Bd3 57... Nh1 { }
58. Kg5 Nf2 59. Bf5 Nd1 60. Kxh4 Kd6 61. Kg5 61... Nb2 { } 62. c5+ Kc7 (62...
Kxc5 $4 63. c7) 63. Bc2 Nc4 64. Kg6 1-0

[Event "Pawns-Chargers"]
[Site "?"]
[Date "1999.04.07"]
[Round "?"]
[White "Ellice, W"]
[Black "Warren, J"]
[Result "1/2-1/2"]
[WhiteElo "1938"]
[BlackElo "2123"]
[PlyCount "22"]
[EventDate "1999.??.??"]

1. d4 Nf6 2. Nf3 e6 3. Bf4 c5 4. c3 Qb6 5. Qb3 Qxb3 6. axb3 Nc6 7. e3 Nh5 8.
Bg3 Nxg3 9. hxg3 d5 10. Bd3 Be7 11. Nbd2 h6 1/2-1/2

[Event "Chargers-Pawns"]
[Site "?"]
[Date "1999.04.07"]
[Round "?"]
[White "Marcowka, R"]
[Black "Mikulecky, B"]
[Result "1-0"]
[WhiteElo "2004"]
[BlackElo "1451"]
[PlyCount "157"]
[EventDate "1999.??.??"]

1. e4 e5 2. Nf3 d6 3. d4 exd4 4. Nxd4 Nf6 5. Bd3 Bd7 6. O-O { } 6... Nc6 7. c3
Ne5 8. Bc2 { } 8... c5 9. Nf5 Qc7 10. f4 10... Nc6 { } 11. Na3 a6 12. Nc4 Bxf5
13. exf5 O-O-O 14. a4 { } 14... g6 $2 {
weakens Nf6 and best squares for Bf8 are c5/d6} (14... d5 15. Ne5 (15. Ne3
15... c4 {idea: Bc5} (15... d4 16. cxd4 $2 16... Nxd4) (15... Bd6)) 15... Nxe5
16. fxe5 Qxe5 17. Bf4 {Wh has active play for P}) 15. a5 Kb8 16. Bd2 d5 17. Ne5
{ } 17... Bd6 (17... Nxe5 18. fxe5 18... Qxe5 $4 19. Bf4) 18. Nxc6+ Qxc6 (18...
bxc6 $1 {brings a P to support d5 and keeps pressure toward f4/h2. Wh cant
take advantage of b-file.}) 19. Qf3 { } 19... c4 $2 {
gives Wh b3 lever to open b-file and activate Bd2} 20. Be3 Bc7 (20... Bc5 {
would force Be3 off before it can cause trouble}) 21. Bd4 Rhg8 22. b4 {
threatening Q trap 23 Ba4 Qd6 24 Bc5} 22... Ne4 {covering c5} 23. Ba4 Qd6 24.
Be5 $2 {why trade superior piece?} 24... Qe7 25. Bxc7+ 25... Qxc7 {
Bl has the better game} 26. Ra2 gxf5 27. Qe3 { } 27... Rd6 (27... h5 {
anticipates Wh g3}) 28. Bd1 Qd7 29. Qd4 Qe7 30. Bf3 { } 30... Qf6 $2 {
killing the attack} (30... Qh4 {idea: Rh6,Qh2#. Note if h3, simply Qxh3!}) 31.
Qxf6 Rxf6 32. Rc2 Rd8 33. Rd1 Rfd6 34. Rd4 Kc7 35. Kf1 Kc6 36. Ke1 { } 36...
Re8 37. Kd1 Rde6 38. Kc1 { } 38... Rd6 (38... Nf6 39. Rcd2 Re1+ 40. Kc2 {
and Bl has nothing to attack}) 39. Kb2 b6 40. axb6 Kxb6 41. Rc1 a5 42. bxa5+
Kxa5 43. Ra1+ Kb5 44. Ra7 {Bl has simply opened position for Wh} 44... Rb8 45.
Kc2 Kc5 46. Rc7+ Rc6 47. Rxf7 47... Rb3 { } 48. Rxd5+ $5 (48. Bxe4 fxe4 49.
Rxh7 { } 49... Rcb6 50. Rh5 Rb2+ 51. Kd1 { } 51... Rd6 (51... Rb1+ 52. Ke2
R6b2+ 53. Rd2) (51... Rxg2 52. Rhxd5+ Kc6 53. Rd6+ Kc5 54. Rxb6 Kxb6 55. Rxc4
Rxh2 56. Rxe4 {and Re2}) 52. g4) 48... Kxd5 49. Rxf5+ Ke6 50. Bxe4 {
Wh has the requisite 2Ps for exch, but  Bl Rs have plenty of operating room}
50... Rcb6 51. Re5+ 51... Kd7 {
The K will block cP, the Rook blocks Kside for a draw} 52. Bf5+ Kc7 53. Rc5+
Rc6 54. Rxc4 Rxc4 55. Kxb3 Rxf4 56. Bxh7 { } 56... Kc6 $2 (56... Rh4 57. Bf5 (
57. Bg8 Rxh2 58. Bd5 Kd6 59. c4 Rh5 60. Kc3 (60. g4 Rxd5 61. cxd5 Kxd5 62. Kc3
62... Ke5 $11) 60... Rg5 61. Kd4 Rg4+ 62. Be4 Rg5) 57... Rxh2 58. g4 58... Rg2
{ Since Wh cannot attack the dark squares, Bl draws.} 59. Kc4 (59. c4 Kd6 60.
Kb4 Rb2+ 61. Kc3 Rg2 62. Kd4 Rd2+ 63. Bd3 (63. Ke4 Rc2 (63... Kc5 $2 64. Be6 (
64. Kf3 Kxc4 65. g5 65... Rd6 $11) (64. g5 Kxc4 65. g6 65... Rg2 $11) 64... Rd6
65. Ke5) 64. g5 Rxc4+ 65. Kf3 Rc7) 63... Rg2 64. c5+ Kc7 (64... Kc6 $4 65. Be4+
) 65. Bf5 65... Rg1 {and White cannot make progress} 66. Kc4 (66. Ke5 Kc6 67.
Kf6 Kxc5 68. g5 68... Rxg5 $11) 66... Rc1+ 67. Kb5) (59. Kb4 Rb2+ 60. Kc5 Rg2
61. Be6 Rd2 62. c4 Rd1 63. Kb4 Kd6 64. Bf5 Rg1 65. c5+ 65... Kc7 {
transposes to C below}) 59... Kd6 60. Kb5 Rb2+ 61. Kc4 Rg2 62. Kd3 Rg3+ 63. Kd4
Rg1 64. c4 Rd1+ 65. Bd3 Rg1 66. c5+ Kc7 67. Bf5 Rd1+ 68. Kc4 (68. Ke5 $2 68...
Kc6) 68... Rg1 69. Kb5 Rg2 70. c6 Rb2+ 71. Kc5 Rg2 72. Bd7 Rd2 (72... Rg1 73.
Kd5 {idea Ke5 etc wins} 73... Re1 74. g5 $2 74... Rg1) (72... Rc2+ 73. Kd5 Re2
(73... Rd2+ $4 74. Ke5 {Wh wins} 74... Rf2 75. g5 Rg2 76. Kf6)) 73. g5 $2 73...
Rg2) 57. g3 57... Rf6 $2 {the natural defensive post is behind the Ps} (57...
Rf2 58. h4 (58. h3 Rg2 59. g4 Rg3) 58... Rg2 59. h5 Rxg3 60. Bf5 (60. h6 $2
60... Rh3)) 58. h4 Kc5 (58... Rf7 59. Bg6 Rg7 60. h5) (58... Rf3 59. g4 Rf4 60.
Bf5) 59. h5 Rb6+ 60. Kc2 Kd5 61. g4 Ke5 62. g5 { } 62... Rb7 63. g6 Kf6 64. h6
Rc7 65. g7 Rxg7 66. hxg7 Kxg7 67. c4 Kf7 68. Kd3 Ke7 69. Kd4 Kd6 70. Bf5 Kc6
71. c5 Kc7 72. Kd5 Kb7 73. Kd6 Kb8 74. Be4 Kc8 75. c6 Kd8 76. Bd5 Kc8 77. Be6+
{ } 77... Kb8 78. c7+ Ka7 79. c8=Q 1-0

[Event "Pawns-Chargers"]
[Site "?"]
[Date "1999.04.07"]
[Round "?"]
[White "O'Dell, D"]
[Black "Stamm, V"]
[Result "0-1"]
[WhiteElo "1467"]
[BlackElo "1611"]
[PlyCount "62"]
[EventDate "1999.??.??"]

1. e4 b6 2. d4 Bb7 3. Nc3 Nf6 4. d5 e6 5. dxe6 fxe6 6. f3 Be7 7. Nge2 O-O 8.
Ng3 d5 9. exd5 exd5 10. Be2 Nc6 11. O-O d4 12. Nce4 Nxe4 13. Nxe4 Ne5 14. a3 c5
15. f4 Bxe4 16. fxe5 Qd5 17. Bf3 Bxf3 18. Rxf3 Qxe5 19. Bd2 Rxf3 20. Qxf3 Rf8
21. Qb7 Bd6 22. g3 Qf5 23. Kh1 Bb8 24. c3 Qf2 25. Rd1 Qe2 26. Re1 Qxd2 27. Qe4
Qxb2 28. cxd4 Qxd4 29. Qe6+ Kh8 30. Qe2 Qf6 31. Rd1 Qf3+ 0-1

[Event "Motorola-Sears"]
[Site "?"]
[Date "1999.04.01"]
[Round "?"]
[White "Abbott, J"]
[Black "Miller, T"]
[Result "1/2-1/2"]
[WhiteElo "1900"]
[BlackElo "1877"]
[PlyCount "67"]
[EventDate "1999.??.??"]

1. f4 g6 2. Nf3 Bg7 3. e3 Nf6 4. Be2 d6 5. d4 O-O 6. O-O b6 7. c4 Bb7 8. Nc3
Nbd7 9. Rb1 Ne4 10. Qc2 Ndf6 11. Bd3 Nxc3 12. bxc3 c5 13. d5 e6 14. e4 Nd7 15.
Be3 e5 16. f5 h6 17. h4 Nf6 18. Nh2 Nh7 19. g3 g5 20. hxg5 Nxg5 21. Kg2 f6 22.
Rh1 Kf7 23. a4 Rb8 24. Qe2 Qe8 25. Qd1 Bc8 26. a5 Bd7 27. Nf3 bxa5 28. Nxg5+
hxg5 29. Rh7 Rxb1 30. Bxb1 Rh8 31. Rxh8 Qxh8 32. Bc2 Qb8 33. Qh5+ Kf8 34. Bc1
1/2-1/2

[Event "Sears-Motorola"]
[Site "?"]
[Date "1999.04.01"]
[Round "?"]
[White "Sims, L"]
[Black "Piparia, J"]
[Result "1-0"]
[WhiteElo "1840"]
[BlackElo "1741"]
[PlyCount "77"]
[EventDate "1999.??.??"]

1. e4 c5 2. Nc3 d6 3. g3 Nf6 4. Bg2 Nc6 5. h3 a6 6. d3 g6 7. Be3 Bg7 8. Qd2 O-O
9. Bh6 Nd4 10. Bxg7 Kxg7 11. Nce2 e5 12. c3 Nxe2 13. Nxe2 Qa5 14. O-O Rb8 15.
f4 c4 16. d4 exd4 17. Qxd4 Qc5 18. Qxc5 dxc5 19. Rad1 b5 20. g4 Bb7 21. Ng3
Rfe8 22. e5 Ng8 23. Rd7 Bxg2 24. Kxg2 Re7 25. Rfd1 Kf8 26. Ne4 Rc8 27. R7d5
Rec7 28. f5 gxf5 29. gxf5 Nh6 30. f6 Re8 31. Kf3 Nf5 32. Nd6 Nxd6 33. exd6 Rc6
34. Rh5 Re6 35. d7 Rxf6+ 36. Ke4 Rce6+ 37. Re5 Rxe5+ 38. Kxe5 Re6+ 39. Kf5 1-0

[Event "Motorola-Sears"]
[Site "?"]
[Date "1999.04.01"]
[Round "?"]
[White "Goncharoff, N"]
[Black "Langer, D"]
[Result "0-1"]
[WhiteElo "1704"]
[BlackElo "1606"]
[PlyCount "108"]
[EventDate "1999.??.??"]

1. e4 c5 2. f4 d6 3. Bb5+ Bd7 4. Bxd7+ Qxd7 5. Nf3 Nc6 6. O-O Nf6 7. d3 g6 8.
Nc3 Bg7 9. Rb1 O-O 10. a3 a5 11. Qe1 b6 12. Bd2 Nd4 13. Nxd4 cxd4 14. Ne2 e5
15. f5 Rac8 16. c4 Rc7 17. b4 a4 18. b5 Rfc8 19. Ng3 Ra7 20. h3 Rac7 21. Rc1
Ra7 22. Bg5 Ne8 23. f6 Bf8 24. Qd2 Qe6 25. Bh6 Bxh6 26. Qxh6 Nxf6 27. Qg5 Ne8
28. Nf5 f6 29. Nh6+ Kh8 30. Qg4 Qxg4 31. Nxg4 Kg7 32. Rc2 Rf7 33. Rcf2 h5 34.
Nh2 Nc7 35. g4 hxg4 36. Nxg4 Rcf8 37. Kg2 f5 38. exf5 gxf5 39. Nh2 Ne6 40. Rf3
Rf6 41. Kf2 e4 42. dxe4 fxe4 43. Rxf6 Rxf6+ 44. Ke1 Rxf1+ 45. Nxf1 Nf4 46. Nd2
Nd3+ 47. Ke2 Nf4+ 48. Kd1 e3 49. Ne4 e2+ 50. Kd2 d3 51. Nxd6 Ng2 52. Nf5+ Kf6
53. Nd4 e1=Q+ 54. Kxd3 Qe3+ 0-1

[Event "Sears-Motorola"]
[Site "?"]
[Date "1999.04.01"]
[Round "?"]
[White "Wilson, M"]
[Black "Balicki, J"]
[Result "0-1"]
[WhiteElo "1231"]
[BlackElo "1595"]
[PlyCount "104"]
[EventDate "1999.??.??"]

1. g3 f5 2. Bg2 Nf6 3. b3 e6 4. Bb2 Be7 5. h3 d5 6. e3 c6 7. d3 O-O 8. a3 Nbd7
9. Nd2 e5 10. Ne2 Bd6 11. Qb1 Qe8 12. Qc1 Nc5 13. Kd1 Be6 14. Ke1 Rd8 15. Kf1
Rd7 16. Kg1 Qg6 17. Kf1 Re7 18. Ke1 d4 19. e4 Bxb3 20. Nxb3 Nxb3 21. cxb3 fxe4
22. Qc4+ Ref7 23. dxe4 Nxe4 24. Nxd4 exd4 25. Bxd4 Re8 26. Be3 Kf8 27. Bxe4
Rxe4 28. Qc1 Qf6 29. Ra2 Qe6 30. Qc3 Bxg3 31. Qc5+ Bd6 32. Qxa7 Qxb3 33. Rd2
Bxa3 34. Ke2 Qc4+ 35. Rd3 Bc5 36. Qb8+ Re8 37. Qg3 b5 38. Rhd1 Bxe3 39. fxe3 g6
40. Ke1 Qe4 41. Kd2 Kg7 42. Rc1 Qb4+ 43. Rcc3 Qb2+ 44. Rc2 Qf6 45. Ke2 Qe6 46.
Rdc3 Rfe7 47. Qf3 Qe4 48. Qg3 c5 49. Qg5 Re5 50. Qg3 c4 51. Rd2 b4 52. Rd4 Qxd4
0-1

[Event "Motorola-Sears"]
[Site "?"]
[Date "1999.04.01"]
[Round "?"]
[White "Thomson, J"]
[Black "Cumberland, M"]
[Result "1-0"]
[WhiteElo "1542"]
[BlackElo "1360"]
[PlyCount "91"]
[EventDate "1999.??.??"]

1. e4 d6 2. d4 e6 3. Nf3 g6 4. c4 Nd7 5. Nc3 Bg7 6. Bd3 Ne7 7. O-O O-O 8. Re1
c5 9. Bc2 b6 10. Bg5 h6 11. Be3 Bb7 12. Qd2 Kh7 13. Rad1 Qc7 14. dxc5 Nxc5 15.
Nb5 Qb8 16. Qxd6 Qxd6 17. Nxd6 Rad8 18. Bxc5 bxc5 19. Nxb7 Rxd1 20. Rxd1 Bxb2
21. Rd8 Rxd8 22. Nxd8 Kg7 23. Nb7 Ba3 24. Ne5 Kf6 25. Nd7+ Kg5 26. g3 h5 27.
f4+ Kh6 28. Nbxc5 Nc6 29. Na6 Nd4 30. Bb3 f5 31. Kf2 Kg7 32. Ne5 Nxb3 33. axb3
fxe4 34. Ke3 Kf6 35. Kxe4 Bb2 36. c5 Bxe5 37. fxe5+ Ke7 38. c6 Kd8 39. c7+ Kc8
40. Kf4 Kb7 41. Kg5 Kc8 42. Kxg6 h4 43. g4 h3 44. Kf7 Kd7 45. g5 Kc8 46. g6 1-0

[Event "Fermi-Dragons"]
[Site "?"]
[Date "1999.01.16"]
[Round "?"]
[White "Kantar, M"]
[Black "Tegel, E"]
[Result "1-0"]
[WhiteElo "2219"]
[BlackElo "2115"]
[PlyCount "107"]
[EventDate "1999.??.??"]

1. d4 Nf6 2. c4 c5 3. d5 e6 4. Nc3 exd5 5. cxd5 d6 6. e4 g6 7. Nf3 Bg7 8. Bd3
O-O 9. O-O a6 10. a4 Qc7 11. h3 Nbd7 12. Bf4 Re8 13. Re1 c4 14. Bc2 Rb8 15. Nd4
Nh5 16. Be3 Nc5 17. Qd2 Nf6 18. Bg5 Bd7 19. Rad1 b5 20. axb5 axb5 21. Qf4 Nh5
22. Qf3 Be5 23. g4 Ng7 24. Qg2 f6 25. Be3 g5 26. Nf3 Bxc3 27. bxc3 Nxe4 28. Bd4
Nc5 29. Bxf6 h6 30. Bg6 Nd3 31. Bxd3 cxd3 32. Rxd3 Rxe1+ 33. Nxe1 Re8 34. Nc2
Qc4 35. Re3 Qf4 36. Bd4 Rxe3 37. fxe3 Qf7 38. Nb4 Ne8 39. Qf2 Qg6 40. Kg2 h5
41. Qf3 hxg4 42. hxg4 Ng7 43. Nc6 Bxc6 44. dxc6 Ne6 45. Qd5 Kh7 46. Kg3 Qh6 47.
Qxd6 Qh4+ 48. Kf3 Qh1+ 49. Ke2 Qg2+ 50. Kd3 Nxd4 51. Qxd4 Qf1+ 52. Ke4 Qg2+ 53.
Ke5 Qxc6 54. Qe4+ 1-0

[Event "Dragons-Fermi"]
[Site "?"]
[Date "1999.01.04"]
[Round "?"]
[White "Altshuller, D"]
[Black "Gaines, I"]
[Result "0-1"]
[WhiteElo "1828"]
[BlackElo "1761"]
[PlyCount "46"]
[EventDate "1999.??.??"]

1. e4 c5 2. Nf3 d6 3. d4 cxd4 4. Nxd4 Nf6 5. Nc3 a6 6. f4 e6 7. Qf3 Be7 8. Be3
Qc7 9. Bd3 O-O 10. O-O Bd7 11. f5 e5 12. Nb3 Bc6 13. Qg3 Kh8 14. Bg5 Nbd7 15.
Nd5 Bxd5 16. exd5 Nxd5 17. Bxe7 Nxe7 18. f6 Nxf6 19. Rxf6 gxf6 20. Qh4 Ng6 21.
Qxf6+ Kg8 22. h4 Qb6+ 23. Kh1 Qd8 0-1

[Event "Fermi-Dragons"]
[Site "?"]
[Date "1999.01.04"]
[Round "?"]
[White "Staples, C"]
[Black "Christian, R"]
[Result "1/2-1/2"]
[WhiteElo "1340"]
[BlackElo "1813"]
[PlyCount "109"]
[EventDate "1999.??.??"]

1. Nf3 Nc6 2. c4 e5 3. Nc3 f5 4. d4 4... e4 { } 5. Bg5 Be7 6. Bxe7 Qxe7 7. Nd2
Nf6 8. e3 O-O 9. Be2 d6 10. O-O { } 10... b6 11. a3 Bb7 12. b4 Rad8 13. Qb3
13... Kh8 { } 14. Rfd1 (14. c5 dxc5 15. bxc5 15... Na5 {
Wh has given up the P front for nothing}) 14... Qf7 15. a4 15... a5 { } 16.
bxa5 Nxa5 17. Qb4 Ba6 18. Rac1 { } 18... g5 19. Bf1 h5 20. Ne2 h4 21. Kh1 { }
21... Qh5 {stopping 22 c5} (21... Rde8 $2 {idea Nh5, f4} 22. c5 $1 {
to undermine Na5} 22... Nc6 23. Qb2 {as in game, except here Wh has cxb}) 22.
Re1 Kg7 23. c5 Nd5 24. Qb2 { } 24... Qf7 25. cxb6 cxb6 26. Nc3 26... Bxf1 { }
27. Nxf1 {giving up c4} 27... Nc4 28. Qb3 Nxc3 29. Rxc3 29... d5 {
Bl has secured the Qside} 30. Rec1 h3 (30... f4 31. exf4 Qxf4 32. R3c2 {
seems safe enough}) 31. g3 Qh5 32. Qd1 Qxd1 33. Rxd1 33... Ra8 { } 34. Nd2 Rxa4
35. Nxc4 Rxc4 36. Rb3 Rb8 37. Kg1 {
Black could bring K over to bPawn, but will passer divert Wh from Kside Ps?}
37... b5 ({like} 37... Kf6 38. Ra1 (38. Rdb1 Rc6 39. Rb5 Ke6) 38... Rc7 39. Ra6
Rcb7 40. Rc3 { } 40... Ke7 41. Rc6 g4 42. Rh6 42... b5 {
and keep advancing b-Pawn}) 38. Kf1 38... b4 {
now both Bl Rs tied to defending P} 39. Rdb1 {Bl can advance K} 39... Rbc8 (
39... Kf7 40. Ke1 (40. Ra1 Rc3 41. Rbb1 b3 42. Ra3 Ke6 43. Ra6+ Kd7) 40... Ke6
41. Kd2 Kd6 42. Ra1 42... Kc6 { } 43. Ra7 Kb5 44. Rf7 Ka4 45. Rb1 b3) 40. Rxb4
Rxb4 41. Rxb4 Rc1+ 42. Ke2 42... Rh1 {
this is probably what Bl had in mind, but how to extract the R after Rxh2?} 43.
Rb7+ Kg6 44. Rc7 Rxh2 45. Rc1 { } 45... Kh5 46. Rd1 Kg4 47. Rc1 { } 47... f4 $2
{opens up so Wh can draw} (47... Rg2 $1 {Black wins !} 48. Rb1 {
(any move along 1st rank)} (48. Kf1 Kf3 49. Rc2 h2) (48. Rh1 h2 49. Kf1 Kf3) (
48. Rc8 48... Rg1 {idea Ra1-a2, then Kf3} (48... h2 49. Rh8 $11) 49. Rh8 (49.
Rg8 $4 49... h2) 49... Ra1 50. Rh7 Ra2+ 51. Ke1 51... Kf3 { } 52. Rxh3 Ra1+ 53.
Kd2 53... Kxf2 {idea of Ra2+, Ke3-d4}) 48... h2 49. Rh1 49... Kh3 {idea Rg1}
50. Kf1 50... g4 { Wh is in zugzwang} 51. Ke2 Rg1) 48. exf4 gxf4 49. gxf4 Kxf4
50. Rc3 { } 50... Rh1 (50... Kg4 51. Rg3+ Kh4 52. Rg8 (52. Kf1 Rh1+ 53. Rg1 (
53. Ke2 h2) 53... Rxg1+ 54. Kxg1 54... Kg4 {Wh cant stop passer and hold Pf2})
52... Rh1 53. Rh8+ Kg4 54. Rg8+ Kf5 55. Rf8+ Ke6 56. f4 {
similar to coming analysis after 53}) 51. Rg3 h2 52. Rh3 Kg4 53. Rh8 { } 53...
Kf5 (53... Ra1 54. Rxh2 54... Ra3 {idea Rd3-4} 55. Rh8 Rd3 56. Rg8+ { } 56...
Kf5 (56... Kh5 57. Rf8 Rxd4 58. f3 exf3+ 59. Rxf3) 57. Rf8+ Ke6 58. f3 { }
58... Rxd4 59. fxe4 dxe4 (59... Rxe4+)) 54. Rh6 Kg5 55. Rh8 1/2-1/2

[Event "Sears-Exemplars"]
[Site "?"]
[Date "1999.04.20"]
[Round "?"]
[White "Latimer, E"]
[Black "Benesa, A"]
[Result "0-1"]
[WhiteElo "2084"]
[BlackElo "2272"]
[PlyCount "51"]
[EventDate "1999.??.??"]

1. e4 c5 2. c4 Nc6 3. Nc3 g6 4. g3 Bg7 5. Bg2 e6 6. Nge2 Nge7 7. O-O O-O 8. d3
b6 9. f4 d6 10. Be3 Nd4 11. Qd2 Bb7 12. Rf2 Nxe2+ 13. Nxe2 f5 14. Nc3 d5 15.
cxd5 exd5 16. e5 Qd7 17. d4 c4 18. Qe2 b5 19. a3 a5 20. a4 b4 21. Nb5 Bc6 22.
e6 Qc8 23. b3 Bxb5 24. axb5 cxb3 25. Qb2 Qc3 26. Rc1 0-1